Recognize Countries by Tripoint Maps #4 - Statistics

General Stats
  • This quiz has been taken 8,325 times
    7,118 since last reset
  • The average score is 22 of 27
Answer Stats
Picture Answer % Correct
Russia
93%
Somalia
93%
Ethiopia
92%
Kenya
92%
Cameroon
91%
Equatorial Guinea
91%
Belgium
90%
Gabon
90%
Germany
90%
Lithuania
90%
Netherlands
90%
Poland
90%
Chile
84%
Peru
84%
Bolivia
83%
Italy
83%
Slovenia
83%
Austria
82%
Laos
76%
Vietnam
76%
Cambodia
75%
El Salvador
74%
Guatemala
73%
Honduras
73%
Iraq
71%
Syria
70%
Turkey
70%
No matching quizzes found
Score Distribution
Percent of People with Each Score
Percentile by Number Answered
Your Score History
You have not taken this quiz since the last reset